000 00889nam a22001697a 4500
005 20120614113448.0
020 _a9788188418381
_c975.00
100 _aनागोरी, एस.एल.
_949044
245 _aस्वतन्त्रता सेनानी कोश;
_b(गांधीयुगीन)/
_cएस.एल नागोरी एंव कान्ता नागोरी
260 _aजयपुर
_bगीतांजलि प्रकाशन
_c2011
270 _aफिल्म कालोनी, चौड़ा रास्ता
_e302003
_k01412315072
300 _aviii,500 पृ.
_c22 सें.मी.(सजिल्द)
700 _aकान्ता नागोरी
_949045
942 _2ddc
_cHN
_mनागोरी
999 _c67904
_d67904